书目信息 |
| 题名: |
李国文说清
|
|
| 作者: | 李国文 著 | |
| 分册: | ||
| 出版信息: | 沈阳 万卷出版公司 2016 |
|
| 页数: | 335页 | |
| 开本: | 21cm | |
| 丛书名: | ||
| 单 册: | ||
| 中图分类: | K249.07 | |
| 科图分类: | ||
| 主题词: | 清代--qing dai--历史--研究 | |
| 电子资源: | ||
| ISBN: | 978-7-5470-4177-2 | |
| 000 | 00787nam0 22002291 450 | |
| 001 | 0120081945 | |
| 005 | 20170320081945.0 | |
| 010 | @a978-7-5470-4177-2@b精装@dCNY42.80 | |
| 100 | @a20160930d2016 em y0chiy50 ea | |
| 101 | 0 | @achi |
| 102 | @aCN@b210000 | |
| 105 | @ay z 000yy | |
| 106 | @ar | |
| 200 | 1 | @a李国文说清@9li guo wen shuo qing@f李国文著 |
| 210 | @a沈阳@c万卷出版公司@d2016 | |
| 215 | @a335页@d21cm | |
| 330 | @a本书以全新的视角,佐以严谨的历史叙说,漫谈清代历史,包括《清朝的太后下嫁》《清朝的皇帝嘴脸》《清朝的文人克星》《康熙讲崇祯的笑话》《慈禧躺着也中枪》《义和团百年》等。 | |
| 606 | 0 | @a清代@9qing dai@x历史@x研究 |
| 690 | @aK249.07@v5 | |
| 701 | 0 | @a李国文@9li guo wen@f(1930~)@4著 |
| 801 | 0 | @aCN@bTANGWEI@c20170308 |
| 905 | @b0954759-61@dK249.07@e104@f3 | |
| 李国文说清/李国文著.-沈阳:万卷出版公司,2016 |
| 335页;21cm |
| ISBN 978-7-5470-4177-2(精装):CNY42.80 |
| 本书以全新的视角,佐以严谨的历史叙说,漫谈清代历史,包括《清朝的太后下嫁》《清朝的皇帝嘴脸》《清朝的文人克星》《康熙讲崇祯的笑话》《慈禧躺着也中枪》《义和团百年》等。 |
| ● |
| 相关链接 |
|
|
|
|
正题名:李国文说清
索取号:K249.07/104
 
预约/预借
| 序号 | 登录号 | 条形码 | 馆藏地/架位号 | 状态 | 备注 |
| 1 | 0954759 | 209547597 | 第二样本阅览室/ [索取号:K249.07/104] | 在馆 | |
| 2 | 0954760 | 209547604 | 第二借阅区/ [索取号:K249.07/104] | 在馆 | |
| 3 | 0954761 | 209547613 | 密集书库-史法系/ [索取号:K249.07/104] | 在馆 |